banner-ar

كتاب الاعلاق النفيسة / (Record no. 37904)

MARC details
000 -الفاتح
حقل البيانات ثابتة الطول 00648nam a2200181Ia 4500
005 - وقت وتاريخ اخر تعامل مع التسجيلة
رقم الضبط 20240530103243.0
008 - عناصر البيانات ثابتة الطول - معلومات عامة
حقل البيانات ثابتة الطول 140319s1892 xx 000 0 ara d
040 ## - مصدر الفهرسة
وكالة الفهرسة الأصلية GCL /
وكالة النسخ GCL
082 04 - رقم تصنيف ديوى العشرى
رقم التصنيف 910.3/
رقم المادة ر ك
100 1# - المدخل الرئيسى - إسم شخصى
الإسم الشخصى ابن رستة : ابوعلى احمد بن عمر الفارسى الاصفهانى
245 10 - بيان العنوان
العنوان كتاب الاعلاق النفيسة /
بيان المسئوليه,etc ابى على احمد بن عمر بن رستة
260 ## - PUBLICATION, DISTRIBUTION, ETC. (IMPRINT)
تاريخ النشر أو التوزيع 1892.
300 ## - الوصف المادى
التعداد 373 ص. ؛
أبعاد الوعاء 24 سم.
650 07 - المدخل الاضافى بالموضوع-مصطلح موضوعى
مصدر الرأس أو المصطلح qrmak
مصطلح موضوعي البلدان
التقسيم الفرعي الشكلي معاجم
650 07 - المدخل الاضافى بالموضوع-مصطلح موضوعى
مصدر الرأس أو المصطلح qrmak
مصطلح موضوعي البلدان
التقسيم الفرعي العام وصف ورحلات
942 ## - عناصر المدخل الإضافي( كوها)
مصدر التصنيف او مخطط الترفيف Dewey Decimal Classification
Koha [default] item type كتاب
260 ## - PUBLICATION, DISTRIBUTION, ETC. (IMPRINT)
-- ليدن :
-- مطبعة بريل،
Holdings
حالة التراجع حالة الفقد مصدر التصنيف او خطة الترفيف حالة تلف ليس للاعارة المكان المؤقت الموقع الحالى تاريخ الاكتساب اجمالي اﻻعارات رقم الطلب الباركود تاريخ اخر مشاهدة تاريخ تفعيل السعر نوع وعاء كوها موقع الترفيف
    ddc     مكتبة القاهرة الكبرى مكتبة القاهرة الكبرى 03/26/2014   910.3\ر ك 92641 03/26/2014 03/26/2014 كتاب  
    ddc     مكتبة القاهرة الكبرى مكتبة القاهرة الكبرى 03/26/2014   910.3\ر ك 92642 03/26/2014 03/26/2014 كتاب  
    ddc     مكتبة القاهرة الكبرى مكتبة القاهرة الكبرى 09/30/2019   910.3/ ر ك 166510 09/30/2019 09/30/2019 كتاب القاعة الرئيسية

Powered By

EGPV